| 000 | 00782nam a2200217Ii 4500 | ||
|---|---|---|---|
| 003 | JO-AjNU | ||
| 008 | 230605s9999||||xx |||||||||||||| ||und|| | ||
| 020 | _a2-84409-168-7 | ||
| 040 |
_aJO-AjNU _bara _erda _cJO-AjNU |
||
| 041 | _aara | ||
| 050 | 1 | 4 | _aTX5105.875.I57.O7912 2001 |
| 100 | 3 |
_aتاليف اوروول، مارك؛ ترجمة مركز التعريب والبرمجة، بيروت, _eauthor _951107 |
|
| 245 | 0 | 0 | _aدليل السياحة والسفر الكترونيا = e - Traval |
| 250 | _aط1 | ||
| 264 | 3 | 1 | _aبيروت: الدار العربية للعلوم، 2001 |
| 300 | _a276ص | ||
| 336 |
_atext _btxt _2rdacontent |
||
| 337 |
_aunmediated _bn _2rdamedia |
||
| 338 |
_avolume _bnc _2rdacarrier |
||
| 650 | 4 |
_aالسياحة - الكمبيوتر _951108 |
|
| 999 |
_aA22554 _c26122 _d26122 |
||